000
00344 a2200157 4500
001
152449
040
_c
Escola São Tomás de Aquino
100
_a
BANDEIRA, Manuel
240
1
0
_a
Meus poemas preferidos
_l
por
245
1
0
_a
Meus poemas preferidos
300
_a
128
362
0
_a
2005
440
1
_a
Ediouro
697
_a
Poesia
942
_c
BK
999
_c
152449
_d
152449